|
|
|
|
| LEADER |
00000cas a2200000 a 4500 |
| 001 |
vtls001473163 |
| 003 |
SK-MaSNL |
| 005 |
20260228160704.0 |
| 008 |
040416d20012004xo qr p 0 0b0slo c |
| 022 |
|
|
|y 1335-2954
|
| 035 |
|
|
|a SNK000428465
|
| 035 |
|
|
|a (SVKBB03)vtls000046510
|
| 040 |
|
|
|a SNK
|b slo
|c SNK
|d SAVUK
|e AACR2
|
| 041 |
0 |
|
|a slo
|
| 044 |
|
|
|a xo
|c SK
|
| 072 |
|
7 |
|a 617
|x Ortopédia. Chirurgia. Oftalmológia
|2 konspekt
|
| 080 |
|
|
|a 617
|2 2001
|
| 080 |
|
|
|a 616-089
|2 2001
|
| 245 |
0 |
0 |
|a Slovenský chirurg
|
| 260 |
|
|
|a Banská Bystrica
|b Ľubomír Marko
|c 2001-2004
|
| 300 |
|
|
|a 4 zv.
|c 30 cm
|
| 310 |
|
|
|a Štvrťročník
|
| 362 |
0 |
|
|a Roč. 5, č. 1 (2001)-roč. 8, č. 4 (2004)
|
| 650 |
|
7 |
|a chirurgia
|2 SNKPH
|9 2178
|
| 655 |
|
7 |
|a odborné časopisy
|2 SNK
|9 70505
|
| 780 |
0 |
0 |
|t Chirurgický spravodaj
|x 1335-2954
|
| 785 |
0 |
0 |
|t Miniinvazívna chirurgia a endoskopia
|x 1336-6572
|
| 850 |
|
|
|a Slovenská národná knižnica v Martine
|
| 856 |
4 |
1 |
|u http://www.laparoskopia.info/cas02.htm
|
| 910 |
|
|
|a savuk
|
| 910 |
|
|
|a snk
|
| 916 |
|
|
|a 2001-2004
|
| 999 |
|
|
|c 3367
|d 5297
|
| 952 |
|
|
|0 0
|1 0
|4 0
|7 0
|8 0
|a SNK
|b SNK
|d 2007-12-05
|f 1
|i snk2007/26600
|l 0
|o snkČSB 5603/5/2001
|p 17A0563598
|r 2026-02-21 20:21:04
|t č. 1-4
|w 2026-02-21
|y PREZ
|
| 952 |
|
|
|0 0
|1 0
|4 0
|7 0
|8 0
|a SNK
|b SNK
|d 2007-12-05
|i snk2007/26601
|l 0
|o snkČSB 5603/5/2001 D1
|p 17A0563599
|r 2026-02-21 20:21:04
|t č. 1-4
|w 2026-02-21
|y PREZ
|
| 952 |
|
|
|0 0
|1 0
|4 0
|7 0
|8 0
|a SNK
|b SNK
|d 2007-12-05
|f 1
|i snk2007/26619
|l 0
|o snkČSB 5603/7/2003
|p 17A0563603
|r 2026-02-21 20:21:04
|t č. 1-4
|w 2026-02-21
|y PREZ
|
| 952 |
|
|
|0 0
|1 0
|4 0
|7 0
|8 0
|a SNK
|b SNK
|d 2007-12-05
|i snk2007/26620
|l 0
|o snkČSB 5603/7/2003 D1
|p 17A0563604
|r 2026-02-21 20:21:04
|t č. 1-4
|w 2026-02-21
|y PREZ
|
| 952 |
|
|
|0 0
|1 0
|4 0
|7 0
|8 0
|a SNK
|b SNK
|d 2007-12-05
|f 1
|i snk2007/26623
|l 0
|o snkČSB 5603/8/2004
|p 17A0563605
|r 2026-02-21 20:21:04
|t č. 1-4
|w 2026-02-21
|y PREZ
|
| 952 |
|
|
|0 0
|1 0
|4 0
|7 0
|8 0
|a SNK
|b SNK
|d 2007-12-05
|f 1
|i snk2007/26602
|l 0
|o snkČSB 5603/6/2002
|p 17A0563601
|r 2026-02-21 20:21:11
|t č. 1-4
|w 2026-02-21
|y PREZ
|
| 952 |
|
|
|0 0
|1 0
|4 0
|7 0
|8 0
|a SNK
|b SNK
|d 2007-12-05
|i snk2007/26603
|l 0
|o snkČSB 5603/6/2002 D1
|p 17A0563602
|r 2026-02-21 20:21:11
|t č. 1-4
|w 2026-02-21
|y PREZ
|
| 952 |
|
|
|0 0
|1 0
|4 0
|7 0
|8 0
|a SNK
|b SNK
|d 2007-12-05
|i snk2007/26624
|l 0
|o snkČSB 5603/8/2004 D1
|p 17A0563606
|r 2026-02-21 20:21:50
|t č. 1-4
|w 2026-02-21
|y PREZ
|